<?xml version="1.0" encoding="UTF-8"?>
<record
    xmlns:xsi="http://www.w3.org/2001/XMLSchema-instance"
    xsi:schemaLocation="http://www.loc.gov/MARC21/slim http://www.loc.gov/standards/marcxml/schema/MARC21slim.xsd"
    xmlns="http://www.loc.gov/MARC21/slim">

  <leader>02653nam a2200385 a 4500</leader>
  <controlfield tag="005">2009052301101.0</controlfield>
  <controlfield tag="008">890901s1988    ii a     b    000 0beng  </controlfield>
  <datafield tag="010" ind1=" " ind2=" ">
    <subfield code="a">ENG-93672</subfield>
  </datafield>
  <datafield tag="020" ind1=" " ind2=" ">
    <subfield code="c">250.00</subfield>
    <subfield code="a">8189973576</subfield>
  </datafield>
  <datafield tag="035" ind1=" " ind2=" ">
    <subfield code="a">EN-77205</subfield>
  </datafield>
  <datafield tag="035" ind1=" " ind2=" ">
    <subfield code="a">B-361286-292</subfield>
  </datafield>
  <datafield tag="037" ind1=" " ind2=" ">
    <subfield code="b">DBAD / PUB</subfield>
  </datafield>
  <datafield tag="037" ind1=" " ind2=" ">
    <subfield code="b">Aakar Books </subfield>
  </datafield>
  <datafield tag="040" ind1=" " ind2=" ">
    <subfield code="a">dpl</subfield>
    <subfield code="b">English </subfield>
  </datafield>
  <datafield tag="082" ind1=" " ind2=" ">
    <subfield code="a">239.2092</subfield>
  </datafield>
  <datafield tag="100" ind1=" " ind2=" ">
    <subfield code="a">Pandya, Dushyanta </subfield>
  </datafield>
  <datafield tag="245" ind1=" " ind2=" ">
    <subfield code="a">Sri Sarada Devi :</subfield>
    <subfield code="b">the Universal Mother /</subfield>
    <subfield code="c">by Dushyanta Pandya</subfield>
  </datafield>
  <datafield tag="260" ind1=" " ind2=" ">
    <subfield code="a">New Delhi </subfield>
    <subfield code="b">Readworthy Publications</subfield>
    <subfield code="c">2008</subfield>
  </datafield>
  <datafield tag="270" ind1=" " ind2=" ">
    <subfield code="a">A-18, Mohan Garden, Near Nawada Metro Station, </subfield>
    <subfield code="b">New Delhi </subfield>
    <subfield code="e">110059</subfield>
  </datafield>
  <datafield tag="300" ind1=" " ind2=" ">
    <subfield code="a">x, 230p.:</subfield>
    <subfield code="c">22cm(pbk) </subfield>
  </datafield>
  <datafield tag="500" ind1=" " ind2=" ">
    <subfield code="a">Includs index </subfield>
  </datafield>
  <datafield tag="600" ind1=" " ind2=" ">
    <subfield code="a">Sarada Devi, 1853-1920</subfield>
  </datafield>
  <datafield tag="610" ind1=" " ind2=" ">
    <subfield code="a">Ramakrishna Mission</subfield>
    <subfield code="x">Biography</subfield>
  </datafield>
  <datafield tag="650" ind1=" " ind2=" ">
    <subfield code="a">Hindu women</subfield>
    <subfield code="z">India</subfield>
    <subfield code="x">Biography</subfield>
  </datafield>
  <datafield tag="942" ind1=" " ind2=" ">
    <subfield code="2">ddc</subfield>
    <subfield code="c">EN</subfield>
    <subfield code="m">PAN</subfield>
    <subfield code="h">239.555092</subfield>
  </datafield>
  <datafield tag="999" ind1=" " ind2=" ">
    <subfield code="c">26711</subfield>
    <subfield code="d">26711</subfield>
  </datafield>
  <datafield tag="952" ind1=" " ind2=" ">
    <subfield code="0">0</subfield>
    <subfield code="1">0</subfield>
    <subfield code="2">ddc</subfield>
    <subfield code="4">0</subfield>
    <subfield code="7">1</subfield>
    <subfield code="8">NFIC</subfield>
    <subfield code="a">DBAD</subfield>
    <subfield code="b">DBAD</subfield>
    <subfield code="d">2009-05-23</subfield>
    <subfield code="e">DBAD /  PUB</subfield>
    <subfield code="g">250.00</subfield>
    <subfield code="l">0</subfield>
    <subfield code="o">239.555092 PAN</subfield>
    <subfield code="p">EN-77205</subfield>
    <subfield code="r">2009-05-23 00:00:00</subfield>
    <subfield code="t">1</subfield>
    <subfield code="v">250.00</subfield>
    <subfield code="w">2009-05-23</subfield>
    <subfield code="y">EN</subfield>
  </datafield>
  <datafield tag="952" ind1=" " ind2=" ">
    <subfield code="0">0</subfield>
    <subfield code="1">0</subfield>
    <subfield code="2">ddc</subfield>
    <subfield code="4">0</subfield>
    <subfield code="7">0</subfield>
    <subfield code="a">L</subfield>
    <subfield code="b">L</subfield>
    <subfield code="d">2010-03-08</subfield>
    <subfield code="e">Aakar Books/I-761/29.10.09/136/16.10.09/29.10.09</subfield>
    <subfield code="g">250.00</subfield>
    <subfield code="l">0</subfield>
    <subfield code="o">239.555092 PAN</subfield>
    <subfield code="p">B-361286</subfield>
    <subfield code="r">2010-03-08 00:00:00</subfield>
    <subfield code="t">1</subfield>
    <subfield code="v">250.00</subfield>
    <subfield code="w">2010-03-08</subfield>
    <subfield code="y">EN</subfield>
  </datafield>
  <datafield tag="952" ind1=" " ind2=" ">
    <subfield code="0">0</subfield>
    <subfield code="1">0</subfield>
    <subfield code="2">ddc</subfield>
    <subfield code="4">0</subfield>
    <subfield code="7">0</subfield>
    <subfield code="a">BL1</subfield>
    <subfield code="b">BL1</subfield>
    <subfield code="d">2010-03-08</subfield>
    <subfield code="e">Aakar Books/I-761/29.10.09/136/16.10.09/29.10.09</subfield>
    <subfield code="g">250.00</subfield>
    <subfield code="l">0</subfield>
    <subfield code="o">239.555092 PAN</subfield>
    <subfield code="p">B-361287</subfield>
    <subfield code="r">2010-03-08 00:00:00</subfield>
    <subfield code="t">1</subfield>
    <subfield code="v">250.00</subfield>
    <subfield code="w">2010-03-08</subfield>
    <subfield code="y">EN</subfield>
  </datafield>
  <datafield tag="952" ind1=" " ind2=" ">
    <subfield code="0">0</subfield>
    <subfield code="1">0</subfield>
    <subfield code="2">ddc</subfield>
    <subfield code="4">0</subfield>
    <subfield code="7">0</subfield>
    <subfield code="a">JP</subfield>
    <subfield code="b">JP</subfield>
    <subfield code="d">2010-03-08</subfield>
    <subfield code="e">Aakar Books/I-761/29.10.09/136/16.10.09/29.10.09</subfield>
    <subfield code="g">250.00</subfield>
    <subfield code="l">3</subfield>
    <subfield code="m">2</subfield>
    <subfield code="o">239.555092 PAN</subfield>
    <subfield code="p">B-361288</subfield>
    <subfield code="r">2024-08-03 00:00:00</subfield>
    <subfield code="s">2024-07-06</subfield>
    <subfield code="t">1</subfield>
    <subfield code="v">250.00</subfield>
    <subfield code="w">2010-03-08</subfield>
    <subfield code="y">EN</subfield>
  </datafield>
  <datafield tag="952" ind1=" " ind2=" ">
    <subfield code="0">0</subfield>
    <subfield code="1">0</subfield>
    <subfield code="2">ddc</subfield>
    <subfield code="4">0</subfield>
    <subfield code="7">0</subfield>
    <subfield code="a">ZLS</subfield>
    <subfield code="b">ZLS</subfield>
    <subfield code="d">2010-03-08</subfield>
    <subfield code="e">Aakar Books/I-761/29.10.09/136/16.10.09/29.10.09</subfield>
    <subfield code="g">250.00</subfield>
    <subfield code="l">1</subfield>
    <subfield code="o">239.555092 PAN</subfield>
    <subfield code="p">B-361289</subfield>
    <subfield code="r">2018-07-19 00:00:00</subfield>
    <subfield code="s">2018-07-06</subfield>
    <subfield code="t">1</subfield>
    <subfield code="v">250.00</subfield>
    <subfield code="w">2010-03-08</subfield>
    <subfield code="y">EN</subfield>
  </datafield>
  <datafield tag="952" ind1=" " ind2=" ">
    <subfield code="0">0</subfield>
    <subfield code="1">0</subfield>
    <subfield code="2">ddc</subfield>
    <subfield code="4">0</subfield>
    <subfield code="7">0</subfield>
    <subfield code="a">VP</subfield>
    <subfield code="b">VP</subfield>
    <subfield code="d">2010-03-08</subfield>
    <subfield code="e">Aakar Books/I-761/29.10.09/136/16.10.09/29.10.09</subfield>
    <subfield code="g">250.00</subfield>
    <subfield code="l">2</subfield>
    <subfield code="m">2</subfield>
    <subfield code="o">239.555092 PAN</subfield>
    <subfield code="p">B-361290</subfield>
    <subfield code="r">2023-02-13 00:00:00</subfield>
    <subfield code="s">2022-12-31</subfield>
    <subfield code="t">1</subfield>
    <subfield code="v">250.00</subfield>
    <subfield code="w">2010-03-08</subfield>
    <subfield code="y">EN</subfield>
  </datafield>
  <datafield tag="952" ind1=" " ind2=" ">
    <subfield code="0">0</subfield>
    <subfield code="1">0</subfield>
    <subfield code="2">ddc</subfield>
    <subfield code="4">0</subfield>
    <subfield code="7">0</subfield>
    <subfield code="a">BL3</subfield>
    <subfield code="b">BL3</subfield>
    <subfield code="d">2010-03-08</subfield>
    <subfield code="e">Aakar Books/I-761/29.10.09/136/16.10.09/29.10.09</subfield>
    <subfield code="g">250.00</subfield>
    <subfield code="l">0</subfield>
    <subfield code="o">239.555092 PAN</subfield>
    <subfield code="p">B-361291</subfield>
    <subfield code="r">2010-03-08 00:00:00</subfield>
    <subfield code="t">1</subfield>
    <subfield code="v">250.00</subfield>
    <subfield code="w">2010-03-08</subfield>
    <subfield code="y">EN</subfield>
  </datafield>
  <datafield tag="952" ind1=" " ind2=" ">
    <subfield code="0">0</subfield>
    <subfield code="1">0</subfield>
    <subfield code="2">ddc</subfield>
    <subfield code="4">0</subfield>
    <subfield code="7">0</subfield>
    <subfield code="a">BL4</subfield>
    <subfield code="b">BL4</subfield>
    <subfield code="d">2010-03-08</subfield>
    <subfield code="e">Aakar Books/I-761/29.10.09/136/16.10.09/29.10.09</subfield>
    <subfield code="g">250.00</subfield>
    <subfield code="l">1</subfield>
    <subfield code="o">239.555092 PAN</subfield>
    <subfield code="p">B-361292</subfield>
    <subfield code="r">2021-08-04 00:00:00</subfield>
    <subfield code="s">2021-07-27</subfield>
    <subfield code="t">1</subfield>
    <subfield code="v">250.00</subfield>
    <subfield code="w">2010-03-08</subfield>
    <subfield code="y">EN</subfield>
  </datafield>
</record>
